000 00420nam a2200157 4500
001 144165
003 ES-MaACL
005 20230906200946.0
007 t|
008 070214s1931 fr r ||||1| fre d
100 1 _aSiegfried, André.
_9106225
245 1 3 _aLa crise britannique au XX siècle /
_cAndré Siegfried.
260 _aParis :
_b[s.n.],
_c1931.
300 _a216 p. ;
_c17 cm.
852 _aES-MaACL
_jB-12641
999 _c144165
_d144165